Pays avec les plus d'habitants dans les pays voisins - Statistiques

Statistiques générales
  • Ce quiz a été pris 163 fois
  • Le résultat moyen est 12 sur 20
Statistiques - réponses
Hint Réponse % Correct
2,11B Chine
94%
1,93B Inde
90%
1,60B Russie
89%
428M France
81%
2.99B Pakistan
69%
362M Mexique
66%
1,46B Bangladesh
56%
1,58B Mongolie
56%
433M Iran
55%
1,82B Afghanistan
54%
2,86B Nepal
54%
1,63B Corée du Nord
52%
1,63B Kazakhstan
52%
1,48B Vietnam
52%
3,11B Myanmar/Birmanie
51%
2,86B Bhoutan
49%
1,68B Laos
49%
1,50B Kirghizistan
45%
1,52B Tadjikistan
42%
386M Soudan du Sud
16%
Aucun quiz correspondant
Distribution des résultats
% des personnes avec chaque résultat
Percentile par nombre de réponses
Votre historique - résultats
Vous n’avez pas pris ce quiz